000 00802nam a2200229Ia 4500
003 OSt
005 20220923220638.0
006 a|||||r|||| 00| 0
007 ta
008 220922b |||||||| |||| 00| 0 hin d
024 _a188,315
037 _cTextual
040 _aARTS
_cARTS
_bhin
041 _2hin
_ahin
082 _aV58:2.N5, 152J7 (TW)
100 _aजैन, हरि मोहन
245 0 _aसोवियत गणराज्य संध तथा स्विट्जरलैण्ड की शासन प्रणाली
246 _aSoviyat gaṇarājya sandha tathā sviṭjaralaiṇḍa kī shāsan praṇālī
260 _c1957
942 _hV58:2.N5, 152J7 (TW)
_cTEXL
_2CC
999 _c341391
_d341391